000 00325nam a2200145Ia 4500
003 RNL
008 090707b ii f a fnsan d
040 _aRCL
082 _a311.21 D36S
100 _aDesraj
_930363
245 _aSampling Theory
260 _c1979
_aNewDelhi
_bTata McGrraw Hill
300 _a302p.
942 _cBK
999 _c14229
_d14229